Catalog

Record Details

Catalog Search



Václav Cibula vypravuje hrdinské legendy staré Francie  Cover Image Book Book

Václav Cibula vypravuje hrdinské legendy staré Francie / [ilustroval Zdeněk Kudělka ; doslov napsal Václav Cibula]

Cibula, Václav, 1925-2009 (Author, Author of afterword, colophon, etc.). Kudělka, Zdeněk, 1921-1992 (Illustrator).

Summary:

Do tvaru povídek převedené čtyři ze starých francouzských hrdinských písní. Vyprávějí o poslední výpravě a hrdinské smrti rytíře Rolanda, krásné dceři uherského krále Bertě, jež se stala chotí krále Pipina Krátkého a francouzskou královnou, dobytí města Nimes Vilémem Oranžským a o rytíři Renaldovi z Montalbanu, který se vzbouřil proti nespravedlivosti krále Karla.

Record details

  • Physical Description: 193 s., [8] barev. obr. příl. : il. ; 27 cm
  • Edition: 1. vyd.
  • Publisher: Praha : Státní nakladatelství dětské knihy, 1963

Content descriptions

General Note:
20500 výt.
Bibliography, etc. Note:
Obsahuje bibliografii
Target Audience Note:
Pro čtenáře od 9 let

Available copies

  • 1 of 1 copy available at Common Catalog SPOK.

Holds

  • 0 current holds with 1 total copy.
Show Only Available Copies
Location Call Number / Copy Notes Barcode Shelving Location Status Due Date
Hospic Dobrého Pastýře BE-C
Tematická katagorie: Beletrie (BE)
2045957008226 Knihovna Available -

LDR 01539nam a22003251 4500
00128476
003CZ-PrJAB
00520170823205527.0
007ta
008971125s1963 xr af 000 cze
015 . ‡acnb000474372
020 . ‡q(Váz.) : ‡cKčs 28,50
035 . ‡a(CZ PrNK)bk196300945
035 . ‡a(OCoLC)42113813
040 . ‡aABA001 ‡bcze ‡cOSA001 ‡dABA001
080 . ‡a885-93-34:840-131 ‡2undef
1001 . ‡aCibula, Václav, ‡d1925-2009 ‡7jk01020636 ‡4aut ‡4aft
24510. ‡aVáclav Cibula vypravuje hrdinské legendy staré Francie / ‡c[ilustroval Zdeněk Kudělka ; doslov napsal Václav Cibula]
24618. ‡aHrdinské legendy staré Francie
250 . ‡a1. vyd.
260 . ‡aPraha : ‡bStátní nakladatelství dětské knihy, ‡c1963 ‡e(Liberec : ‡fSG 1)
300 . ‡a193 s., [8] barev. obr. příl. : ‡bil. ; ‡c27 cm
500 . ‡a20500 výt.
504 . ‡aObsahuje bibliografii
520 . ‡aDo tvaru povídek převedené čtyři ze starých francouzských hrdinských písní. Vyprávějí o poslední výpravě a hrdinské smrti rytíře Rolanda, krásné dceři uherského krále Bertě, jež se stala chotí krále Pipina Krátkého a francouzskou královnou, dobytí města Nimes Vilémem Oranžským a o rytíři Renaldovi z Montalbanu, který se vzbouřil proti nespravedlivosti krále Karla.
5218 . ‡aPro čtenáře od 9 let
7001 . ‡aKudělka, Zdeněk, ‡d1921-1992 ‡7jk01070641 ‡4ill
910 . ‡aBNE702
9289 . ‡aSNDK
964 . ‡aPísně hrdinské francouzské staré - zpracování prozaická pro mládež
998 . ‡a000474372
901 . ‡a28476 ‡b ‡c28476 ‡tbiblio

Additional Resources